000 01095nac a2200313 i 4500
003 EG-ScBUE
005 20250515081930.0
008 250423t1995 nyua f 001 0 eng d
020 _a0070037345 (acid-free)
020 _a9780070037342
040 _aEG-ScBUE
_beng
_erda
_cEG-ScBUE
_dEG-ScBUE
082 0 4 _a531
_bBAR
_222
100 1 _aBarger, V.
_q(Vernon),
_d1938-
_eauthor.
245 1 0 _aClassical mechanics :
_ba modern perspective /
_cVernon Barger, University of Wisconsin, Madison, Martin Olsson, University of Wisconsin, Madison.
250 _aSecond edition.
264 1 _aNew York :
_bMcGraw-Hill, INC.,
_c[1995]
264 4 _cc1995
300 _axii, 418 pages :
_billustrations (some color) ;
_c25 cm.
336 _2rdacontent
_atext
_btxt
337 _aunmediated
_2rdamedia
_bn
338 _avolume
_bnc
_2rdacarrier
490 0 _aInternational series in pure and applied physics
500 _aIncludes index.
500 _aIncludes Appendices.
650 7 _aMechanics.
_2BUEsh
655 _vReading book
700 1 _aOlsson, Martin G.,
_d1938-,
_eauthor.
942 _cBB
_2ddc
999 _c141
_d141